Re: November convocation of GSC /

Photostat welcome letter to "the second semi-annual mass meeting".

Bibliographic Details
Corporate Author: Gay Students Council of Southern California
Format: Book
Language:English
Published: [Culver City, California] : Gay Students Council of Southern California, [1972]
Subjects:

MARC

Tag First Indicator Second Indicator Subfields
LEADER 00000cam a2200000Ii 4500
001 in00004095877
005 20201124130036.0
008 200327e19721119cau 000 0 eng d
040 |a TXA  |b eng  |e rda  |c TXA 
035 |a (OCoLC)1146547785 
043 |a n-us-ca 
090 |a LC2575.5.C2  |b R4 1972 
245 0 0 |a Re: November convocation of GSC /  |c the Executive Board, Gay Students Council of Southern California. 
246 3 |a November convocation of Gay Students Council 
264 1 |a [Culver City, California] :  |b Gay Students Council of Southern California,  |c [1972] 
300 |a 1 leaf ;  |c 28 cm 
336 |a text  |b txt  |2 rdacontent 
337 |a unmediated  |b n  |2 rdamedia 
338 |a volume  |b nc  |2 rdacarrier 
520 |a Photostat welcome letter to "the second semi-annual mass meeting". 
500 |a The Cushing Library/Women & Gender Studies copy was acquired as part of The Don Kelly Research Collection of Gay Literature and Culture.  |5 TXA 
541 0 |a Donated by Don Kelly  |d 20190819 
610 2 0 |a Gay Students Council of Southern California.  |b Convocation  |n (2nd :  |d 1972 :  |c California) 
650 0 |a Gay college students  |z California, Southern  |x Congresses. 
650 0 |a Gay liberation movement  |z California, Southern  |x Congresses. 
655 7 |a Conference materials.  |2 lcgft 
710 2 |a Gay Students Council of Southern California. 
994 |a C0  |b TXA 
948 |a cataloged  |b h  |c 2020/3/ 27  |d o  |e nbehmer  |f 3:01:56 pm 
999 f f |s d2a47017-bbca-39bc-8a96-741e4d4c07f3  |i 1eafc589-b360-3486-a8d1-687a6f2ee28d  |t 0 
952 f f |p noncirc  |a Texas A&M University  |b College Station  |c Cushing Memorial Library & Archives  |d Cushing: Women & Gender Studies (Does not check out)  |t 0  |e LC2575.5.C2 R4 1972  |f Vertical file  |h Library of Congress classification  |i unmediated -- volume 
998 f f |a LC2575.5.C2 R4 1972  |t 0  |l Cushing: Women & Gender Studies (Does not check out)